000 00659nam a2200205 i 4500
001 52332
003 ES-MaACL
005 20251003151557.0
007 t|
008 030828s1904 sp ||||1| spa d
080 _a94(460.353 S.)(089.3)
100 1 _aChaves, Manuel,
_d1870-1914
_938263
245 1 0 _aCosas nuevas y viejas
_b: (apuntes sevillanos) /
_cManuel Chaves ; prólogo de José Nogales.
260 _aSevilla :
_b[s.n.,
_c1904] (
_fTip. Sauceta)
300 _a5 h., 307 p. ;
_c22 cm.
651 4 _aSevilla-
_vCuriosidades.
_99382
700 1 _aNogales, José,
_d1860-1908
_985840
852 _aES-MaACL
_jG-7971
999 _c52332
_d52332